ბათუმის შოთა რუსთაველის სახელმწიფო უნივერსიტეტის ბიბლიოთეკა

Курс высшей математики. (ბიბ.ჩანაწერი № 37208)

000 -LEADER
fixed length control field 00658nam a2200217Ia 4500
001 - CONTROL NUMBER
control field 3165
003 - CONTROL NUMBER IDENTIFIER
control field GE_BSU
008 - FIXED-LENGTH DATA ELEMENTS--GENERAL INFORMATION
fixed length control field 181216s||||||||xx |||||||||||||| ||und||
040 ## - CATALOGING SOURCE
Transcribing agency GE_BSU
080 ## - UNIVERSAL DECIMAL CLASSIFICATION NUMBER
Universal Decimal Classification number 517(07)
100 ## - MAIN ENTRY--PERSONAL NAME
Personal name Игнатьева,А.В. Краснощекова,Т.И. Смирнов,В.Ф.
245 ## - TITLE STATEMENT
Title Курс высшей математики.
245 ## - TITLE STATEMENT
Statement of responsibility, etc. ред.Д.А.Тальский, под ред. П.И. Романовского.
250 ## - EDITION STATEMENT
Edition statement Изд 2-ое.
260 ## - PUBLICATION, DISTRIBUTION, ETC.
Place of publication, distribution, etc. М.
260 ## - PUBLICATION, DISTRIBUTION, ETC.
Name of publisher, distributor, etc. Высш. школа.
260 ## - PUBLICATION, DISTRIBUTION, ETC.
Date of publication, distribution, etc. 1968.
300 ## - PHYSICAL DESCRIPTION
Extent 692 стр.27см.
653 ## - INDEX TERM--UNCONTROLLED
Uncontrolled term Высшая математика.
942 ## - ADDED ENTRY ELEMENTS (KOHA)
Koha item type წიგნი
ეგზემპლარები
Withdrawn status Lost status Damaged status Not for loan Date acquired Barcode Date last seen Price effective from Koha item type
        2018-12-17 9098 2018-12-17 2018-12-17 წიგნი
        2018-12-17 9099 2018-12-17 2018-12-17 წიგნი